Score 0/21 Timer 05:00
0 Plays Today
% Correct
Ellen Degeneres
96.8%
Elton John
95.5%
Cher
93.8%
Lady Gaga
93.2%
Miley Cyrus
87.3%
Nirvana
75.3%
Diana Ross
67.7%
Christina Aguilera
64.2%
Khloe Kardashian
63.8%
Jane Fonda
62.6%
Joan Rivers
62.4%
% Correct
Adam Lambert
57.4%
La Toya Jackson
55.6%
Nancy Pelosi
53.3%
Anna Nicole Smith
50.9%
Lily Tomlin
48.6%
Graham Norton
47.2%
Naomi Campbell
46.9%
Nicole Richie
43.9%
Jesse Tyler Ferguson
29.7%
Henry Rollins
22.8%
Remove Ads.
Support Sporcle.
Get the best of Sporcle when you Go Orange. This ad-free experience offers more features, more stats, and more fun while also helping to support Sporcle. Thank you for becoming a member.

You're not logged in!

Compare scores with friends on all Sporcle quizzes.
OR
Log In

Show Comments

Extras

Top Quizzes Today


Score Distribution

Your Account Isn't Verified!

In order to create a playlist on Sporcle, you need to verify the email address you used during registration. Go to your Sporcle Settings to finish the process.

Report this User

Report this user for behavior that violates our Community Guidelines.

Details: